000 00524cam a2200205 4500
008 090401t1999 xxu||||| |||| 00| 0 eng d
020 _a0419242201
035 _a(Sirsi) u92683
041 _aeng
050 _a692.509415
245 _aSpon`s Irish construction price book.
260 _aLondon
_bE & F N Spon
_c1999
300 _axviii,383p. ; 21cm.
350 _a75
651 4 _aIreland (Republic of)
_y
690 _aBUILT ENVIRONMENT-BUILDING COSTS
700 _h
_xEditor
942 _n0
948 _c13/04/1999
999 _c97765
_d97765